| Tag |
First Indicator |
Second Indicator |
Subfields |
| LEADER |
00000cas a2200000 a 4500 |
| 001 |
in00005778752 |
| 005 |
20260415143453.6 |
| 008 |
090923c19869999ie uu p o o 0 0eng c |
| 006 |
m o d |
| 007 |
cr ||||||||||| |
| 010 |
|
|
|a 2009235677
|
| 040 |
|
|
|a EYM
|b eng
|c EYM
|d HUL
|d OCLCQ
|d OCLCF
|d OCLCQ
|d VT2
|d AUD
|d OCLCO
|d OCLCQ
|d U3W
|d OCLCL
|d OCLCQ
|d OCLCS
|d NUI
|d HEBIS
|
| 016 |
7 |
|
|a 2476682-3
|2 DE-600
|
| 019 |
|
|
|a 190845558
|
| 022 |
|
|
|y 0790-7850
|
| 035 |
|
|
|a (OCoLC)438320488
|z (OCoLC)190845558
|
| 041 |
0 |
|
|a eng
|a gle
|
| 042 |
|
|
|a pcc
|
| 043 |
|
|
|a e-ie---
|
| 050 |
1 |
4 |
|a DA925
|
| 245 |
0 |
4 |
|a The Irish review.
|
| 260 |
|
|
|a Cork :
|b Cork University Press,
|c 1986-
|
| 310 |
|
|
|a Two issues yearly,
|b 1988-
|
| 321 |
|
|
|a Annual,
|b 1986-1987
|
| 336 |
|
|
|a text
|b txt
|2 rdacontent
|
| 337 |
|
|
|a computer
|b c
|2 rdamedia
|
| 338 |
|
|
|a online resource
|b cr
|2 rdacarrier
|
| 362 |
1 |
|
|a Began with no. 1 (1986).
|
| 500 |
|
|
|a Published by: Belfast : Institute of Irish Studies, spring 1991-autumn/winter 1997; Cork: Cork University Press, summer 1998-
|
| 546 |
|
|
|a Chiefly English, some Irish.
|
| 588 |
0 |
|
|a No. 1 (1986); title from title page (JSTOR, viewed September 23, 2009).
|
| 588 |
1 |
|
|a No. 33 (spring 2005) (JSTOR, viewed September 23, 2009).
|
| 651 |
|
0 |
|a Ireland
|x Civilization
|v Periodicals.
|
| 651 |
|
6 |
|a Irlande
|x Civilisation
|v Périodiques.
|
| 650 |
|
7 |
|a Civilization.
|2 fast
|0 (OCoLC)fst00862898
|
| 651 |
|
7 |
|a Ireland.
|2 fast
|0 (OCoLC)fst01205427
|1 https://id.oclc.org/worldcat/entity/E39PBJqvXDFC7pX6tHkq6DX68C
|
| 600 |
1 |
7 |
|a Englisch ...
|2 gnd
|
| 655 |
|
0 |
|a Electronic journals.
|
| 655 |
|
7 |
|a Periodicals.
|2 fast
|0 (OCoLC)fst01411641
|
| 655 |
|
7 |
|a Periodicals.
|2 lcgft
|
| 710 |
2 |
|
|a Queen's University of Belfast.
|b Institute of Irish Studies.
|
| 776 |
0 |
8 |
|i Print version:
|t Irish review (Cork, Ireland)
|w (DLC) 87644110
|w (OCoLC)16187371
|
| 029 |
1 |
|
|a NZ1
|b 15907229
|
| 029 |
1 |
|
|a NZ1
|b 16262083
|
| 029 |
1 |
|
|a OCLCS
|b OP-57149
|
| 029 |
1 |
|
|a HEBIS
|b 208905405
|
| 994 |
|
|
|a Z0
|b TXA
|
| 948 |
|
|
|h HELD BY TXA - 436 OTHER HOLDINGS
|
| 999 |
f |
f |
|i b39cc60d-53ab-4eb7-b73a-66e1516c5603
|s 4d4f2acd-19e9-423f-ab3e-106c402dfd26
|t 0
|
| 952 |
f |
f |
|a Texas A&M University
|b College Station
|c Electronic Resources
|s www_evans
|d Available Online
|t 0
|e DA925
|g Electronic
|h Library of Congress classification
|
| 998 |
f |
f |
|a DA925
|t 0
|l Available Online
|